| Tag |
First Indicator |
Second Indicator |
Subfields |
| LEADER |
00000cam a2200000Ia 4500 |
| 001 |
in00004154913 |
| 005 |
20200117104313.0 |
| 008 |
190405s2019 ne a 000 0deng d |
| 020 |
|
|
|a 9789462263109
|
| 020 |
|
|
|a 9462263108
|
| 035 |
|
|
|a (OCoLC)on1090684858
|
| 040 |
|
|
|a ERASA
|c ERASA
|d JPG
|d BWK
|d UtOrBLW
|
| 043 |
|
|
|a e-be---
|
| 049 |
|
|
|a TXAM
|
| 050 |
|
4 |
|a TR650
|b .F47 2019
|
| 082 |
0 |
|
|a 770
|
| 100 |
1 |
|
|a Fertinel, Rebecca,
|d 1991-
|
| 245 |
1 |
0 |
|a Ubuntu :
|b I am because we are /
|c [Rebecca Fertinel ; text, Hans Theys, Montagne de Miel].
|
| 264 |
|
1 |
|a Eindhoven :
|b Lecturis,
|c [2019]
|
| 264 |
|
4 |
|c ©2019
|
| 300 |
|
|
|a 1 volume (unpaged) :
|b illustrations ;
|c 26 cm.
|
| 336 |
|
|
|a text
|b txt
|2 rdacontent
|
| 337 |
|
|
|a unmediated
|b n
|2 rdamedia
|
| 338 |
|
|
|a volume
|b nc
|2 rdacarrier
|
| 520 |
|
|
|a In August 2015, photographer Rebecca Fertinel was invited to a wedding by her friend Tracy Tansia. Here, Fertinel was introduced to the warm, unabashed life-approach of the Congolese community in Belgium and the Bantu concept Ubuntu, that you really only become human when you are connected to everything and everyone. In Fertinel's photographic documentary, the concept of Ubuntu seems to intertwine with the desire to belong to a group and maintain a group identity in a changing environment. Focused on the joy and the ritual and not on a need for a perfect venue. This project wants to place the viewer inside an environment that most have experienced at one time or another for a wedding, party or a wake. A place where the emotions are what is important and the flaws of the room overlooked. Everyone in a similar situation has experienced the desire to connect with certain traditions on the one hand, while simultaneously feeling different and no longer seamlessly connected with the old culture on the other hand. Within the group, the individual feels strong, but outside the group he or she will feel lonely and deviant. We need each other. See, everyone is looking for a place in life. That is the beauty of Ubuntu.
|
| 600 |
1 |
0 |
|a Fertinel, Rebecca,
|d 1991-
|
| 650 |
|
0 |
|a Photography, Artistic.
|0 http://id.loc.gov/authorities/subjects/sh85101269
|
| 650 |
|
0 |
|a Congolese (Democratic Republic)
|z Belgium
|v Pictorial works.
|
| 650 |
|
0 |
|a Black-and-white photography.
|0 http://id.loc.gov/authorities/subjects/sh99002613
|
| 700 |
1 |
|
|a Theys, Hans,
|d 1963-
|0 http://id.loc.gov/authorities/names/nr97016217
|
| 700 |
1 |
|
|a De Miel, Montagne.
|
| 945 |
|
|
|b 200611
|
| 947 |
|
|
|a A14850840332
|
| 948 |
|
|
|a cataloged
|b h
|c 2019/10/18
|d c
|e dmitchel
|f 9:50:30 am
|
| 994 |
|
|
|a 92
|b TXA
|
| 999 |
f |
f |
|s f36c23d1-dcaa-37ad-ae5a-335ffdeea865
|i cc95179e-b58e-3869-b7ee-0fc7204d8c18
|t 0
|
| 952 |
f |
f |
|p normal
|a Texas A&M University
|b College Station
|c Sterling C. Evans Library
|d Evans: Library Stacks
|t 0
|e TR650 .F47 2019
|h Library of Congress classification
|i unmediated -- volume
|m A14850840332
|
| 998 |
f |
f |
|a TR650 .F47 2019
|t 0
|l Evans: Library Stacks
|